Giáo trình lý luận văn học
NV Kịch và kịch nói Việt Nam hiện đại
Đã lưu trong:
| Tác giả chính: | |
|---|---|
| Tác giả khác: | |
| Định dạng: | Sách |
| Ngôn ngữ: | Undetermined |
| Được phát hành: |
H.
ĐHSP
2005
|
| Những chủ đề: | |
| Truy cập trực tuyến: | http://lrc.tdmu.edu.vn/opac/search/detail.asp?aID=2&ID=5784 |
| Các nhãn: |
Thêm thẻ
Không có thẻ, Là người đầu tiên thẻ bản ghi này!
|
| Thư viện lưu trữ: | Trung tâm Học liệu Trường Đại học Thủ Dầu Một |
|---|
| LEADER | 00658nam a2200205Ia 4500 | ||
|---|---|---|---|
| 001 | TDMU_5784 | ||
| 008 | 210410s9999 xx 000 0 und d | ||
| 082 | |a 801 | ||
| 090 | |b TR105 | ||
| 100 | |a Trần ,Đình Sử | ||
| 245 | 0 | |a Giáo trình lý luận văn học | |
| 260 | |a H. | ||
| 260 | |b ĐHSP | ||
| 260 | |c 2005 | ||
| 300 | |a 287tr. | ||
| 520 | |a NV Kịch và kịch nói Việt Nam hiện đại | ||
| 650 | |a Văn học |x Lý luận |v Giáo trình | ||
| 700 | |a Phan, Huy Dũng | ||
| 856 | |u http://lrc.tdmu.edu.vn/opac/search/detail.asp?aID=2&ID=5784 | ||
| 980 | |a Trung tâm Học liệu Trường Đại học Thủ Dầu Một | ||